书目信息 |
| 题名: |
邓小平红相册
|
|
| 作者: | ;中共中央文献研究室 编 | |
| 分册: | 上 | |
| 出版信息: | 北京 中共党史出版社 1998 |
|
| 页数: | 2册(28,742页) | |
| 开本: | 20cm | |
| 丛书名: | ||
| 单 册: | ||
| 中图分类: | K827 , K827 | |
| 科图分类: | 26.12681074 | |
| 主题词: | 人物--传记--中国 | |
| 电子资源: | ||
| ISBN: | 7-80136-250-0 | |
| 000 | 00853nam0 2200277 450 | |
| 001 | 1256046046 | |
| 005 | 20121014153751.18 | |
| 010 | @a7-80136-250-0@dCNY49.80(上下册) | |
| 100 | @a20021005d1998 em y0chiy0110 ea | |
| 101 | 0 | @achi |
| 102 | @aCN@b110000 | |
| 105 | @aa z 000yd | |
| 106 | @ar | |
| 200 | 1 | @a邓小平红相册@Adeng xiao ping hong xiang ce@f中共中央文献研究室编 @h上 |
| 210 | @a北京@c中共党史出版社@d1998 | |
| 215 | @a2册(28,742页)@d20cm | |
| 300 | @a据多媒体光盘《邓小平》印制 | |
| 600 | 0 | @a邓小平@f(1904-1997)@x生平事迹@x摄影集 |
| 600 | 0 | @a邓小平@f(1904-1997) |
| 606 | 0 | @a人物@x传记@x中国 |
| 690 | @aK827@v3 | |
| 690 | @aK827@v4 | |
| 692 | @a26.12681074@v2 | |
| 711 | 02 | @a中共中央文献研究室@Azhong gong zhong yang wen xian yan jiu shi@4编 |
| 801 | 0 | @aCN@bNLC@c19981203 |
| 905 | @a10447@dK827@eJY111:1 | |
| 邓小平红相册/中共中央文献研究室编 .上.-北京:中共党史出版社,1998 |
| 2册(28,742页);20cm |
| 据多媒体光盘《邓小平》印制 |
| ISBN 7-80136-250-0:CNY49.80(上下册) |
| ● |
| 相关链接 |
|
|
|
|
正题名:邓小平红相册
索取号:K827/JY111:1
 
预约/预借
| 序号 | 登录号 | 条形码 | 馆藏地/架位号 | 状态 | 备注 |
| 1 | 7826869 | 278268697 | 学院路分馆/ [索取号:K827/JY111:1] | 在馆 | |
| 2 | 7826870 | 278268704 | 学院路分馆/ [索取号:K827/JY111:1] | 在馆 | |
| 3 | 7826871 | 278268713 | 学院路分馆/ [索取号:K827/JY111:1] | 在馆 |